Quizzes
Events
Quiz Creation
Community
Videos
Private Events
Remove Ads
Sign In
Join for FREE
Feedback
Dark Mode
Quiz Categories
Sports
Geography
Music
Movies
Television
Just For Fun
Miscellaneous
History
Literature
Language
Science
Gaming
Entertainment
Religion
Holiday
For Kids
Quiz Lab
Recent
Popular Today
Quiz Kudos Today
Editor Picks
Curator Picks
Quizzes by...
Day
Popularity
Type
Ratings
Length
Year
Community
Subscriptions
Recent Discussions
Orange Saloon
Badges
Playlists
Quests
Create
Leaderboards
Showdown
Live 5
Trivia Bingo
Activity
Puzzle Library
Sporcle Events
Private Events
Virtual Trivia
Globe League
Become a Host
Pub Owners
SporcleCon
Opinionation
Our Games
Videos
Blog
Mobile Apps
Partnerships
Remove Ads and Go Orange
Feedback
Sports
Athletes
MLB
NBA
NHL
NFL
Soccer
Sports Teams
WWE
NCAA
Football
Premier League
Basketball
Baseball
Hockey
Golf
Tennis
Cricket
Rugby
Auto Racing
Olympics
World Cup
Sports
Athletes
MLB
NBA
NHL
NFL
Soccer
Sports Teams
WWE
NCAA
Football
Premier League
Basketball
Baseball
Hockey
Golf
Tennis
Cricket
Rugby
Auto Racing
Olympics
World Cup
Random Quiz
Search Sporcle
×
Quiz Lab
Quiz Lab
Sports
Scorer
Type in answers that appear in a list
Type in answers that appear in a list
Classic
Best Score? Go Orange.
SPL hat-trick scorers Stats
Can you name the SPL hat-trick scorers?
By
zambernardi
12m
88 Questions
1,029 Plays
1,029 Plays
1,029 Plays
Comments
Comments
Give Quiz Kudos
Give Quiz Kudos
-
- Ratings
hide this ad
Replay
Link that replays current quiz
Next Quiz
Link to next quiz in quiz playlist
You Got
0%
They Got
Avg Score
50%
Avg Friend Score
Upgrade to see
Score Distribution
Jump to the score distribution portion of the page
Score
0/88
Timer
12:00
0
Plays Today
For, Against & Year
% Correct
Celtic vs Dundee (1998)
Henrik Larsson
96.4%
Celtic vs Hearts (1999)
Henrik Larsson
96.4%
Celtic vs Motherwell (1999)
Henrik Larsson
96.4%
Celtic vs Aberdeen (1999)
Henrik Larsson
96.4%
Celtic vs Aberdeen (2000)
Henrik Larsson
96.4%
Celtic v Kilmarnock (2001)
Henrik Larsson
96.4%
Celtic vs Hearts (2001)
Henrik Larsson
96.4%
Celtic vs Dunfermline (2002)
Henrik Larsson
96.4%
Celtic vs Livingston (2002)
Henrik Larsson
96.4%
Celtic vs Kilmarnock (2002)
Henrik Larsson
96.4%
Celtic vs Livingston (2003)
Henrik Larsson
96.4%
Celtic vs Aberdeen (2003)
Henrik Larsson
96.4%
Kilmarnock vs Dundee Utd (2004)
Kris Boyd
92.7%
Rangers vs Dundee Utd (2006)
Kris Boyd
92.7%
Rangers vs Kilmarnock (2007)
Kris Boyd
92.7%
Rangers vs Aberdeen (2007)
Kris Boyd
92.7%
Rangers vs ICT (2008)
Kris Boyd
92.7%
Rangers vs Hamilton (2008)
Kris Boyd
92.7%
Rangers vs Dundee Utd (2009)
Kris Boyd
92.7%
Celtic vs Kilmarnock (2003)
Chris Sutton
89.3%
Celtic vs Dundee Utd (2003)
Chris Sutton
89.3%
Celtic vs Dundee Utd (2001)
John Hartson
87.9%
Celtic vs Aberdeen (2002)
John Hartson
87.9%
Celtic vs Hearts (2002)
John Hartson
87.9%
Celtic vs Livingston (2005)
John Hartson
87.9%
Celtic vs Motherwell (2005)
John Hartson
87.9%
Rangers vs St Mirren (2000)
Kenny Miller
79.6%
Hibs v Kilmarnock (2005)
Derek Riordan
71.6%
Falkirk vs Dundee Utd (2006)
Anthony Stokes
65.8%
Falkirk vs Dunfermline (2006)
Anthony Stokes
65.8%
For, Against & Year
% Correct
Falkirk Vs ICT (2006)
Anthony Stokes
65.8%
Celtic vs Dundee Utd (2007)
Scott McDonald
64.8%
Celtic vs Motherwell (2007)
Scott McDonald
64.8%
Celtic vs Motherwell (2005)
Stilian Petrov
50.2%
Dundee Utd vs St Johnstone (1998)
Billy Dodds
49.3%
Rangers vs Dundee Utd (2001)
Tore Andre Flo
48.2%
Ragers vs Dundee Utd (2002)
Barry Ferguson
47.9%
Kilmarnock vs Hearts (1998)
Ally McCoist
46.7%
Hibs vs Rangers (2005)
Ivan Sproule
45.1%
Dundee Utd vs Falkirk (2010)
Jon Daly
43.9%
Rangers vs Kilmarnock (1999)
Rod Wallace
43.1%
Rangers vs Dundee(2000)
Rod Wallace
43.1%
Rangers v Motherwell (2000)
Rod Wallace
43.1%
Celtic vs Dundee Utd (2006)
Shunsuke Nakamura
40.6%
Celtic vs St Mirren (2009)
Shunsuke Nakamura
40.6%
Celtic vs Kilmarnock (1999)
Mark Viduka
39.9%
Celtic vs Aberdeen (1999)
Mark Viduka
39.9%
Hibs vs Gretna (2008)
Steven Fletcher
39.7%
Motherwell vs Livingston (2003)
James McFadden
39.1%
Celtic vs Falkirk (2007)
Aiden McGeady
37.4%
Kilmarnock vs Livingston (2005)
Colin Nish
36.9%
Rangers vs Kilmarnock (2005)
Peter Lovenkrands
36.4%
Celtic vs Dunfermline (1998)
Mark Burchill
34.6%
Celtic vs Dunfermline (2006)
Maciej Zurawski
33.8%
Rangers vs Dundee (1999)
Jorg Albertz
33%
Aberdeen vs Dunfermline (1999)
Robbie Winters
31.4%
Aberdeen vs Motherwell (1999)
Robbie Winters
31.4%
Aberdeen vs Dundee Utd (2000)
Robbie Winters
31.4%
Celtic vs St Mirren (2007)
Jan Vennegoor of Hesselink
31.4%
Rangers vs Livingston (2002)
Shota Arveladze
31.1%
For, Against & Year
% Correct
Celtic vs Dundee Utd (2005)
Craig Bellamy
29.5%
Celtic vs Dundee (2000)
Tommy Johnson
28.7%
Celtic vs Aberdeen (2000)
Tommy Johnson
28.7%
Kilmarnock vs St Mirren (2000)
Paul Wright
27.6%
Kilmarnock vs Falkirk (2009)
Kevin Kyle
26.5%
Dundee Utd vs Hearts (2007)
Barry Robson
23.8%
Dundee Utd vs Hearts (2008)
Barry Robson
23.8%
Dundee vs Dundee Utd (2000)
Juan Sara
22.4%
Motherwell vs Dundee Utd (2004)
David Clarkson
20%
Aberdeen v St Mirren (2001)
Arild Stavrum
19.6%
Aberdeen vs Dundee Utd (2001)
Arild Stavrum
19.6%
Hibs Vs Hearts (2000)
Mixu Paatelainen
18.6%
Hearts v Aberdeen (1999)
Gary McSwegan
18.5%
Hearts vs Aberdeen (1999)
Gary McSwegan
18.5%
Kilmarnock vs Hibs (2003)
Gary McSwegan
18.5%
Celtic vs St Mirren (2006)
Thomas Gravesen
17.7%
Celtic vs St Johnstone (1999)
Harald Brattbakk
17.3%
St Johnstone vs Motherwell (2009)
Peter MacDonald
15.4%
Motherwell vs Aberdeen (1999)
John Spencer
14.7%
Hearts Vs Hibs (2002)
Mark De Vries
14%
Dunfermline vs Dundee (2005)
Derek Young
13.5%
Abderdeen Vs Dundee (2001)
Hicham Zerouali
13.4%
Dundee Utd vs Kilmarnock (2004)
Jim McIntyre
11%
Partick Thistle vs Kilmarnock (2002)
Alex Burns
10.6%
Motherwell vs ICT (2008)
Chris Porter
9.6%
Dunfermline vs Dundee (2005)
Andy Tod
6%
Hibs vs Kilmarnock (2007)
Clayton Donaldson
5.5%
Motherwell vs Hibs (2002)
David Ferrere
4%
Quiz Playlist
Details
Report
Send in Message
Add To Playlist
Classic:
Type in answers that appear in a list
Last Updated: Feb 16, 2017
Quiz Scoreboard
CHALLENGE
Sign Up to Join the Scoreboard
Show All
Scores
Hide
Comments
May contain spoilers
Recently Published
TV Characters by Other Roles V
by ghcgh
Television
5m
Decade Duel: World Leaders
by jenniferyan
History
4m
Alphabetical 'K' Countries by Flag Minefield
by ylime102
Geography
3m
More to Explore
Quiz From the Vault
Featured Blog Post
15 Basketball Trivia Facts You Can Be March Mad About
hide this ad
You Might Also Like...
Tags
Against
Hat Tricks
Scorer
spl
Today's Top Quizzes in Sports
Browse Sports
hide this ad
Today's Top Quizzes in Scorer
Browse Scorer
Top Contributed Quizzes in Sports
1
Les joueurs à 100 buts en Ligue 1 Uber Eats
2
2022 World Cup Stars
3
Pick 6: NFL Teams
4
MLB 2 truths and a lie: Hall of Fame pitchers
5
Pick 6: Minor League Baseball
6
Millionaire: NBA Finals Edition
7
Pick 6: Olympics
8
50+ Goals in European Competition
9
Click the 1998 NBA Draft
10
Iconic Moments in Football - Multiple Choice
Explore More
Trending Topics
Anime
Marvel
Kpop
NBA
Crossword
Disney
Harry Potter
Pokémon
Soccer
The Office
Country
NFL
Puzzle
Song
WWE
hide this ad
More By:
zambernardi
Quiz
Plays
Rating
Category
Featured
Created
SPL hat-trick scorers
1,029
5.00
Sports
Jan 24, 2010
Go to Creator's Profile
Score Distribution
Quiz Creator Spotlight
zambernardi
Follow
Send a Message
Quizzes Created
-
Created Quiz Play Count
-
More By This Creator
Popular Quizzes Today
1
Countries of Asia Without Outlines Minefield
2
Find the US States - No Outlines Minefield
3
Pick 6: Fruits
4
The Countries of the World
5
Find the Countries of Europe - No Outlines Minefield
6
Alphabetical 'K' Countries by Flag Minefield
7
US States
8
Find the US States
More Sports Quizzes
F1 2018 Final Constructors Championship Standings
Quiz Lab
Trending Quizzes
Pick 6: Mountains
Pick 6: Harry Potter
Pick 6: NFL Teams
Pick 6: Flags
C Names for Actors
Recently Updated
Adaptations: Name the Title
pecheneg
NWSL Teams
pecheneg
Women's Final Four Teams by Year
bhenderson79
Presidents Quartet II
eogle
Anything But Clue(do)
eogle
Anything But Oceanian Capitals
eogle
Anything But 7
eogle
Anything But Thing
eogle
Word Ladder: February 29
pecheneg
Song Title Questions
pecheneg
Trending Topics
Marvel
NBA
Anime
Crossword
Disney
Harry Potter
Kpop
WWE
Soccer
The Office
Country
NFL
Puzzle
Song
Pokémon
Your Account Isn't Verified!
In order to create a playlist on Sporcle, you need to verify the email address you used during registration. Go to your
Sporcle Settings
to finish the process.
Report this User
Report this user for behavior that violates our
Community Guidelines
.
Details:
Send Report
Go to the Sporcle.com Mobile Site →
Comments